Central Library OPAC University of Rajshahi

Documents of the Christian church / (Record no. 31304)

MARC details
000 -LEADER
fixed length control field 00882cam a22002771 4500
001 - CONTROL NUMBER
control field 31304
003 - CONTROL NUMBER IDENTIFIER
rucl marc code BD-RjUL
005 - DATE AND TIME OF LATEST TRANSACTION
control field 20211209051702.0
008 - FIXED-LENGTH DATA ELEMENTS--GENERAL INFORMATION
fixed length control field 140415r19531943enk b 001 0 eng
035 ## - SYSTEM CONTROL NUMBER
System control number (BD-RjUL)31391
System control number (OCoLC)2560794
040 ## - CATALOGING SOURCE
Original cataloging agency DLC
Transcribing agency TxU-Da
Modifying agency OCoLC
-- DLC
Language of cataloging eng
041 ## - LANGUAGE CODE
Language code of text/sound track or separate title eng
082 ## - DEWEY DECIMAL CLASSIFICATION NUMBER
Classification number 270
Author mark and year DOC 1953
100 1# - MAIN ENTRY--PERSONAL NAME
Personal name Bettenson, Henry Scowcroft,
9 (RLIN) 95262
245 10 - TITLE STATEMENT
Title Documents of the Christian church /
Statement of responsibility, etc. selected and edited by Henry Bettenson.
260 ## - PUBLICATION, DISTRIBUTION, ETC. (IMPRINT)
Place of publication, distribution, etc. London :
Name of publisher, distributor, etc. Oxford University Press, H. Milford,
Date of publication, distribution, etc. c1943[reprinting 1953]
300 ## - PHYSICAL DESCRIPTION
Pagination xviii, 456 p. ;
Size 16 cm.
500 ## - GENERAL NOTE
General note "First published in "The World's classics Μ“in 1943."
504 ## - BIBLIOGRAPHY, ETC. NOTE
Bibliography, etc includes index
650 #0 - SUBJECT ADDED ENTRY--TOPICAL TERM
Topical term or geographic name as entry element Church history
General subdivision Sources.
9 (RLIN) 95264
942 ## - ADDED ENTRY ELEMENTS (KOHA)
Source of classification or shelving scheme Dewey Decimal Classification
Koha item type Books
Holdings
Lost status Source of classification or shelving scheme Damaged status Not for loan Collection code Permanent Location Current Location Shelving location Date acquired Source of acquisition Cost, normal purchase price Total Checkouts Full call number Date last seen Copy number Koha item type
  Dewey Decimal Classification   Not For Loan Non-fiction Central Library, University of Rajshahi Central Library, University of Rajshahi Reading Room 25/10/1954 O. U. P. 3.60   270 DOC 1953 15/04/2014 C-1 Books